Jaki przydomek nosi ten władca - Statystyki

Ogólne statystyki
  • Ten quiz został rozwiązany 269 razy
  • Średni wynik to 9 z 15
Statystyki odpowiedzi
Władca Przydomek % Poprawnych
Bolesław I Chrobry
87%
Stefan Batory
79%
Anna Jagiellonka
79%
Konrad Mazowiecki
75%
Michał Korybut/Wiśniowiecki
73%
Mieszko II Lambert
68%
Kazimierz I Odnowiciel
67%
Mieszko III Stary
67%
Władysław III (król) Warneńczyk
63%
Stanisław (II) August/Poniatowski
60%
Henryk Walezy
59%
Aleksander Jagiellończyk
53%
Władysław I (król) Łokietek
35%
Bolesław IV Kędzierzawy
34%
Jan III (przezwisko nadane przez Turków) Lew Lechistanu
23%
Nie znaleziono quizów pasujących do podanych kryteriów
Rozkład punktacji
Procent ludzi z każdym wynikiem
Percentyl według liczby udzielonych odpowiedzi
Twoja historia wyników
Nie rozwiązałeś tego quizu